000 00682nam a22002417a 4500
003 UA-OsUOA
001 125509
007 ta
008 20170918b un ||||| |||| 00| 0 ukr d
100 _aБухбиндер И.
090 _a821.161.1
_bБ94
942 _cBK
040 _aUA-OsUOA
_brus
_cUA-OsUOA
_dUA-OsUOA
245 _aПоследний первый снег
_bстихи и проза
_cПер.с евр.
300 _a352 с.
955 _a3
041 _arus
080 _a821.161.1
020 _a5-265-02086-1
260 _aМ.
_bСов.писатель
_c1991
650 7 _a82 Література. Літературознавство
_2UDC
999 _c412744
_d412744